Manual of entomology: With special reference to economic entomology (Record no. 52575)

MARC details
000 -LEADER
fixed length control field 00437nam a2200157Ia 4500
008 - FIXED-LENGTH DATA ELEMENTS--GENERAL INFORMATION
fixed length control field 230917s9999||||xx |||||||||||||| ||und||
020 ## - ISBN
Price RS250
040 ## - CATALOGING SOURCE
-- 1218
Original cataloging agency VIVEKANANDA LIBRARY
041 ## - Language
-- English
082 ## - DDC NUMBER
Classification number 595.7 L522M
100 ## - MAIN ENTRY--PERSONAL NAME
Personal name Lefroy, H Maxwell
245 #0 - TITLE STATEMENT
Title Manual of entomology: With special reference to economic entomology
260 ## - PUBLICATION, DISTRIBUTION, ETC. (IMPRINT)
Place of publication, distribution, etc New Delhi
Name of publisher, distributor, etc Agricole Reprints Corporation
Date of publication, distribution, etc 1984
300 ## - PHYSICAL DESCRIPTION
Pages xvi, 541 p.
942 ## - ADDED ENTRY ELEMENTS (KOHA)
Koha item type Books
Holdings
Withdrawn status Lost status Damaged status Not for loan Location (home branch) Sublocation or collection (holding branch) Date acquired Koha issues (times borrowed) Koha full call number Accession No. Koha date last seen Koha item type
        VIVEKANANDA LIBRARY VIVEKANANDA LIBRARY 08/08/2002   595.7 L522M 121632 17/09/2023 Books
© Designed and Maintained by Vivekananda Library, MDU Rohtak